[Event "UKR Games (Men) 3rd"]
[Site "Evpatoria"]
[Date "2007.05.23"]
[Round "4"]
[White "Golubka, Petro"]
[Black "Tsimer, Vladislav"]
[Result "1/2-1/2"]
[WhiteElo "2270"]
[BlackElo "2325"]
[WhiteFideId "-1"]
[BlackFideId "-1"]
[PlyCount "126"]
[GameId "1166649423056896"]
[EventDate "2007.05.21"]
[EventType "team"]
[EventRounds "7"]
[EventCountry "UKR"]
[SourceTitle "CBM 118 Extra"]
[Source "ChessBase"]
[SourceDate "2007.07.04"]
[SourceVersion "1"]
[SourceVersionDate "2007.07.04"]
[SourceQuality "1"]

1. e4 e6 2. d4 d5 3. Nd2 Nf6 4. e5 Nfd7 5. Bd3 c5 6. c3 Nc6 7. Ne2 cxd4 8. cxd4 f6 9. exf6 Nxf6 10. Nf3 Bd6 11. O-O O-O 12. Bf4 Bxf4 13. Nxf4 Ne4 14. Qc1 Ng5 15. Nxg5 Qxg5 16. Ne2 Qxc1 17. Raxc1 a6 18. Bc2 Bd7 19. Ba4 b5 20. Bc2 Rac8 21. f3 g5 22. Kf2 Kg7 23. Ke3 Na5 24. b3 Nc6 25. Bb1 Ne7 26. Rxc8 Rxc8 27. Rc1 b4 28. Rxc8 Nxc8 29. Bd3 a5 30. f4 h6 31. fxg5 hxg5 32. Ng1 Nd6 33. Nf3 Kf6 34. Ne5 Be8 35. g3 Nc8 36. h4 gxh4 37. gxh4 Nd6 38. Kf4 Nb5 39. Bxb5 Bxb5 40. h5 a4 41. Ng4+ Kg7 42. Ne3 axb3 43. axb3 Kf6 44. h6 Bd3 45. Ng4+ Ke7 46. Ne5 Bc2 47. Kg5 Kf8 48. Nc6 Kf7 49. Nxb4 Bxb3 50. Nc6 Bc2 51. Ne5+ Kg8 52. Kh5 Bb1 53. Nf3 Kf7 54. Kg5 Bc2 55. Ne5+ Kg8 56. Ng4 Kf7 57. Nf6 Bb1 58. Nh5 Bc2 59. Nf4 Bb1 60. Nh5 Bc2 61. Nf6 Bb1 62. Nd7 Bc2 63. Ne5+ Kg8 1/2-1/2

[Event "Kiev Ukraine CC"]
[Site "Kiev"]
[Date "2006.10.28"]
[Round "1"]
[White "Bidkov, Anton"]
[Black "Golubka, Petro"]
[Result "0-1"]
[WhiteElo "2203"]
[BlackElo "2270"]
[WhiteFideId "-1"]
[BlackFideId "-1"]
[PlyCount "58"]
[GameId "1580910604812288"]
[EventDate "2006.10.28"]
[EventType "swiss"]
[EventRounds "9"]
[EventCountry "UKR"]
[SourceTitle "EXT 2023"]
[Source "ChessBase"]
[SourceDate "2022.10.05"]
[SourceVersion "1"]
[SourceVersionDate "2022.10.05"]
[SourceQuality "1"]

1. c4 e5 2. Nc3 Nf6 3. g3 Bb4 4. Bg2 O-O 5. e3 Bxc3 6. bxc3 Nc6 7. d4 d6 8. Ne2 Rb8 9. Ba3 Re8 10. O-O Bd7 11. c5 d5 12. Qc2 Na5 13. Bb2 e4 14. a4 Bg4 15. Nc1 Qd7 16. Nb3 Nc4 17. Nd2 Nxd2 18. Qxd2 Bf3 19. Qc2 h5 20. c4 Nh7 21. Bxf3 exf3 22. Qd1 Ng5 23. Kh1 b6 24. cxd5 Qxd5 25. Rc1 Rxe3 26. cxb6 cxb6 27. Rc2 Re2 28. Bc1 Nh3 29. Qd3 Nxf2+ 0-1

[Event "Kiev Ukraine CC"]
[Site "Kiev"]
[Date "2006.10.29"]
[Round "2"]
[White "Golubka, Petro"]
[Black "Grinev, Valeriy"]
[Result "1/2-1/2"]
[WhiteElo "2270"]
[BlackElo "2272"]
[WhiteFideId "-1"]
[BlackFideId "-1"]
[PlyCount "48"]
[GameId "1580910604898304"]
[EventDate "2006.10.28"]
[EventType "swiss"]
[EventRounds "9"]
[EventCountry "UKR"]
[SourceTitle "EXT 2023"]
[Source "ChessBase"]
[SourceDate "2022.10.05"]
[SourceVersion "1"]
[SourceVersionDate "2022.10.05"]
[SourceQuality "1"]

1. e4 c6 2. d4 d5 3. Nc3 dxe4 4. Nxe4 Bf5 5. Ng3 Bg6 6. h4 h6 7. Nf3 Nd7 8. h5 Bh7 9. Bd3 Bxd3 10. Qxd3 Ngf6 11. Bf4 Qa5+ 12. Bd2 Qa4 13. b3 Qa3 14. O-O e6 15. Ne5 Be7 16. f4 O-O 17. Nc4 Qa6 18. f5 b5 19. Ne5 Nxe5 20. dxe5 Qb6+ 21. Kh1 Rad8 22. Qe2 Qd4 23. exf6 Qh4+ 24. Kg1 Rxd2 1/2-1/2

[Event "Kiev Ukraine CC"]
[Site "Kiev"]
[Date "2006.10.30"]
[Round "3"]
[White "Sakun, Vladimir"]
[Black "Golubka, Petro"]
[Result "1/2-1/2"]
[WhiteElo "2310"]
[BlackElo "2270"]
[WhiteFideId "-1"]
[BlackFideId "-1"]
[PlyCount "79"]
[GameId "1580910605008896"]
[EventDate "2006.10.28"]
[EventType "swiss"]
[EventRounds "9"]
[EventCountry "UKR"]
[SourceTitle "EXT 2023"]
[Source "ChessBase"]
[SourceDate "2022.10.05"]
[SourceVersion "1"]
[SourceVersionDate "2022.10.05"]
[SourceQuality "1"]

1. e4 c5 2. Nf3 d6 3. d4 cxd4 4. Nxd4 Nf6 5. Nc3 a6 6. Bg5 e6 7. f4 Qb6 8. Nb3 Nbd7 9. Qf3 Qc7 10. O-O-O Be7 11. g4 b5 12. Bxf6 Nxf6 13. g5 Nd7 14. a3 Rb8 15. h4 b4 16. axb4 Rxb4 17. Na2 Ra4 18. Qc3 Qxc3 19. Nxc3 Rb4 20. Rd4 Rxd4 21. Nxd4 h6 22. g6 Bf6 23. gxf7+ Kxf7 24. Nb3 Bb7 25. Rh3 Rb8 26. f5 exf5 27. exf5 Nb6 28. Na5 Bc8 29. Nc6 Ra8 30. Ne4 d5 31. Nxf6 Kxf6 32. Bd3 Bd7 33. Rg3 Be8 34. Nd4 Nc4 35. Ne6 Ra7 36. Nf4 Bf7 37. Ne6 Be8 38. Nf4 Bf7 39. Ne6 Be8 40. Nf4 1/2-1/2

[Event "Kiev Ukraine CC"]
[Site "Kiev"]
[Date "2006.10.31"]
[Round "4"]
[White "Golubka, Petro"]
[Black "Kosikov, Andrey"]
[Result "1/2-1/2"]
[WhiteElo "2270"]
[BlackElo "2242"]
[WhiteFideId "-1"]
[BlackFideId "-1"]
[PlyCount "69"]
[GameId "1580910605148160"]
[EventDate "2006.10.28"]
[EventType "swiss"]
[EventRounds "9"]
[EventCountry "UKR"]
[SourceTitle "EXT 2023"]
[Source "ChessBase"]
[SourceDate "2022.10.05"]
[SourceVersion "1"]
[SourceVersionDate "2022.10.05"]
[SourceQuality "1"]

1. e4 c5 2. Nf3 Nc6 3. Bb5 g6 4. O-O Bg7 5. c3 Nf6 6. Re1 O-O 7. d4 cxd4 8. cxd4 d5 9. e5 Ne4 10. Nc3 Nxc3 11. bxc3 Qa5 12. Qb3 Bg4 13. Nd2 Rfc8 14. h3 Bf5 15. a4 a6 16. Bf1 Bh6 17. Nf3 Bxc1 18. Rexc1 Rab8 19. g4 Be6 20. Ng5 Qc7 21. Qd1 Qd7 22. Qf3 Na5 23. Qg3 h6 24. Nxe6 Qxe6 25. Rab1 Nc4 26. Bd3 Nd2 27. Rb2 Ne4 28. Bxe4 dxe4 29. Qf4 Qc6 30. Qxh6 Qxa4 31. e6 Qc4 32. Rb6 Rc6 33. Rxc6 bxc6 34. Qf4 Rf8 35. exf7+ 1/2-1/2

[Event "Kiev Ukraine CC"]
[Site "Kiev"]
[Date "2006.11.01"]
[Round "5"]
[White "Stepanets, Anatoli P"]
[Black "Golubka, Petro"]
[Result "0-1"]
[WhiteElo "2171"]
[BlackElo "2270"]
[WhiteFideId "-1"]
[BlackFideId "-1"]
[PlyCount "78"]
[GameId "1580910605283328"]
[EventDate "2006.10.28"]
[EventType "swiss"]
[EventRounds "9"]
[EventCountry "UKR"]
[SourceTitle "EXT 2023"]
[Source "ChessBase"]
[SourceDate "2022.10.05"]
[SourceVersion "1"]
[SourceVersionDate "2022.10.05"]
[SourceQuality "1"]

1. d4 Nf6 2. Nf3 e6 3. e3 b6 4. Bd3 Bb7 5. Nbd2 c5 6. c3 Nc6 7. Qe2 Be7 8. O-O O-O 9. e4 cxd4 10. Nxd4 d6 11. N2f3 Rc8 12. Bg5 Nd7 13. Nxc6 Bxc6 14. Bxe7 Qxe7 15. Bb5 Bxb5 16. Qxb5 Nc5 17. Rfe1 Rfd8 18. Rad1 Qb7 19. Rd4 e5 20. Rb4 f6 21. a4 d5 22. exd5 Rxd5 23. Rc4 Rb8 24. Rf1 Nxa4 25. Qb4 Nc5 26. Rg4 Rbd8 27. h3 Nd3 28. Qb3 Nf4 29. Nd4 Kh8 30. Rxf4 exf4 31. Ne6 Rc8 32. Nxf4 Re5 33. Rd1 Qe7 34. g3 Re1+ 35. Rxe1 Qxe1+ 36. Kg2 Qe4+ 37. Kg1 Qb1+ 38. Kh2 Qf1 39. Qa3 Qxf2+ 0-1

[Event "Kiev Ukraine CC"]
[Site "Kiev"]
[Date "2006.11.02"]
[Round "6"]
[White "Golubka, Petro"]
[Black "Omelja, Artem"]
[Result "1-0"]
[WhiteElo "2270"]
[BlackElo "2258"]
[WhiteFideId "-1"]
[BlackFideId "-1"]
[PlyCount "117"]
[GameId "1580910605393920"]
[EventDate "2006.10.28"]
[EventType "swiss"]
[EventRounds "9"]
[EventCountry "UKR"]
[SourceTitle "EXT 2023"]
[Source "ChessBase"]
[SourceDate "2022.10.05"]
[SourceVersion "1"]
[SourceVersionDate "2022.10.05"]
[SourceQuality "1"]

1. e4 e6 2. d4 d5 3. Nd2 Nf6 4. e5 Nfd7 5. Bd3 c5 6. c3 cxd4 7. cxd4 Nc6 8. Ne2 f6 9. exf6 Qxf6 10. Nf3 h6 11. Qc2 Bb4+ 12. Bd2 O-O 13. Bxb4 Nxb4 14. Bh7+ Kh8 15. Qd2 Nc6 16. Bc2 e5 17. O-O e4 18. Ne1 Nb6 19. b3 Bg4 20. f3 Rae8 21. Rd1 exf3 22. Nxf3 Qd6 23. Ng3 Qf4 24. Qd3 Qe3+ 25. Qxe3 Rxe3 26. Ne5 Rxf1+ 27. Rxf1 Kg8 28. Nxg4 Rc3 29. Bg6 Nxd4 30. Re1 Rc8 31. Nh5 Nc6 32. Be8 Nb4 33. Bg6 Nc6 34. Rf1 Rc7 35. Nf4 Re7 36. Ne6 Nd7 37. Nf4 Nb6 38. Bd3 Nb4 39. Bb1 d4 40. Ng6 Rf7 41. Rxf7 Kxf7 42. Nf4 Nd7 43. a3 Nc6 44. b4 Nb6 45. Be4 Nd8 46. Bg6+ Ke7 47. Ne5 Kf6 48. Nfd3 Nd5 49. Be4 Nc3 50. Bf3 a6 51. Nd7+ Ke7 52. N7c5 b5 53. Kf2 Nf7 54. Nb3 Nb1 55. Nxd4 Nxa3 56. Nc5 Kd6 57. Nf5+ Ke5 58. Nxg7 Kd4 59. Nge6+ 1-0

[Event "Kiev Ukraine CC"]
[Site "Kiev"]
[Date "2006.11.03"]
[Round "7"]
[White "Golubka, Petro"]
[Black "Aliferenko, Aleksei"]
[Result "1-0"]
[WhiteElo "2270"]
[BlackElo "2325"]
[WhiteFideId "-1"]
[BlackFideId "-1"]
[PlyCount "125"]
[GameId "1580910605516800"]
[EventDate "2006.10.28"]
[EventType "swiss"]
[EventRounds "9"]
[EventCountry "UKR"]
[SourceTitle "EXT 2023"]
[Source "ChessBase"]
[SourceDate "2022.10.05"]
[SourceVersion "1"]
[SourceVersionDate "2022.10.05"]
[SourceQuality "1"]

1. e4 e6 2. d4 d5 3. Nd2 Be7 4. Ngf3 Nf6 5. Bd3 c5 6. exd5 exd5 7. dxc5 Bxc5 8. Nb3 Qe7+ 9. Qe2 Qxe2+ 10. Kxe2 Bb6 11. Be3 Bxe3 12. Kxe3 O-O 13. Rhf1 Nc6 14. Kd2 Bg4 15. Nfd4 Ne5 16. h3 Bd7 17. Nc5 Bc8 18. Rae1 b6 19. Ncb3 Nxd3 20. cxd3 Bd7 21. Nc1 Rfe8 22. Nce2 Kf8 23. Nc3 a6 24. g4 h6 25. f4 Rad8 26. Nd1 Rxe1 27. Rxe1 Ng8 28. Ne3 Ne7 29. f5 Rc8 30. Rf1 f6 31. Ne2 Be8 32. Ng2 Bf7 33. Ngf4 Ke8 34. Nd4 Kd7 35. Re1 h5 36. gxh5 Rh8 37. Rg1 Rh7 38. Nde6 Bxe6 39. fxe6+ Kd6 40. d4 Nf5 41. Kd3 Rh8 42. Re1 Ne7 43. a3 Rh6 44. Ke2 Rh8 45. Rg1 Nf5 46. Kd3 Rh7 47. b4 Ne7 48. Rg2 Nf5 49. a4 Rh8 50. Rc2 Ne7 51. Rg2 Nf5 52. e7 Re8 53. Ng6 Nxe7 54. Re2 Kd7 55. Rxe7+ Rxe7 56. Nxe7 Kxe7 57. Ke3 b5 58. a5 Kf7 59. Kf4 Kg8 60. Kf5 Kh7 61. Ke6 Kh6 62. Kxd5 Kxh5 63. Ke6 1-0

[Event "Kiev Ukraine CC"]
[Site "Kiev"]
[Date "2006.11.04"]
[Round "8"]
[White "Golichenko, Ilja"]
[Black "Golubka, Petro"]
[Result "1/2-1/2"]
[WhiteElo "2335"]
[BlackElo "2270"]
[WhiteFideId "-1"]
[BlackFideId "-1"]
[PlyCount "99"]
[GameId "1580910605639680"]
[EventDate "2006.10.28"]
[EventType "swiss"]
[EventRounds "9"]
[EventCountry "UKR"]
[SourceTitle "EXT 2023"]
[Source "ChessBase"]
[SourceDate "2022.10.05"]
[SourceVersion "1"]
[SourceVersionDate "2022.10.05"]
[SourceQuality "1"]

1. d4 Nf6 2. c4 e6 3. Nc3 Bb4 4. Qc2 O-O 5. a3 Bxc3+ 6. Qxc3 d6 7. Nf3 b6 8. g3 Bb7 9. Bg2 c5 10. dxc5 bxc5 11. Bg5 Nbd7 12. O-O Qb6 13. Rfd1 a5 14. Bf4 d5 15. cxd5 exd5 16. Ne5 d4 17. Nxd7 Nxd7 18. Qc2 Bxg2 19. Kxg2 Qe6 20. Kg1 h6 21. Rac1 g5 22. Bd2 Qxe2 23. Re1 Qf3 24. Re7 Qd5 25. Rce1 Ra6 26. Qd1 Kg7 27. Qg4 Nf6 28. Qe2 Raa8 29. Re5 Qd6 30. Qc4 Rfc8 31. h4 Re8 32. Qxc5 Qxc5 33. Rxc5 Ne4 34. Rxe4 Rxe4 35. hxg5 hxg5 36. Bxa5 g4 37. Rd5 Rb8 38. Bc7 Rxb2 39. Rxd4 Rb1+ 40. Kg2 Rxd4 41. Be5+ Kg6 42. Bxd4 Kf5 43. Bc3 Rb3 44. Bb4 Ke4 45. Bd6 Rb2 46. Bb4 f5 47. Bc5 Kd3 48. Bd6 Ke2 49. Bb4 Rc2 50. Bd6 1/2-1/2

[Event "Kiev Ukraine CC"]
[Site "Kiev"]
[Date "2006.11.05"]
[Round "9"]
[White "Golubka, Petro"]
[Black "Pavlov, Sergey1"]
[Result "0-1"]
[WhiteElo "2270"]
[BlackElo "2428"]
[WhiteFideId "-1"]
[BlackFideId "-1"]
[PlyCount "92"]
[GameId "1580910605774848"]
[EventDate "2006.10.28"]
[EventType "swiss"]
[EventRounds "9"]
[EventCountry "UKR"]
[SourceTitle "EXT 2023"]
[Source "ChessBase"]
[SourceDate "2022.10.05"]
[SourceVersion "1"]
[SourceVersionDate "2022.10.05"]
[SourceQuality "1"]

1. e4 Nf6 2. e5 Nd5 3. d4 d6 4. Nf3 Bg4 5. Be2 c6 6. Ng5 Bf5 7. Bd3 Bxd3 8. Qxd3 dxe5 9. Qf5 f6 10. Nxh7 exd4 11. O-O e5 12. f4 Qd7 13. Qg6+ Qf7 14. Nxf8 Rxf8 15. Qe4 Qe6 16. fxe5 fxe5 17. Re1 Nd7 18. Qxd4 Qf6 19. Nc3 c5 20. Qd2 Nxc3 21. bxc3 O-O-O 22. Qe2 e4 23. Bd2 Ne5 24. Rf1 Nf3+ 25. gxf3 exf3 26. Qf2 Qg6+ 27. Kh1 Qg2+ 28. Qxg2 fxg2+ 29. Kxg2 Rxd2+ 30. Kg3 Rxf1 31. Rxf1 Rxc2 32. Rf8+ Kc7 33. Rf7+ Kc6 34. Rxg7 Rxc3+ 35. Kf4 Rc2 36. Rg6+ Kd5 37. h4 Rxa2 38. h5 c4 39. h6 Rh2 40. Kg3 Rh1 41. Rg5+ Kc6 42. Rg6+ Kc5 43. Rg5+ Kb4 44. Rg7 Rxh6 45. Rxb7+ Rb6 46. Rxa7 Rf6 0-1

[Event "UKR-ch U20 qual"]
[Site "Lvov"]
[Date "2005.12.13"]
[Round "3"]
[White "Golubka, Petro"]
[Black "Vovk, Andrey"]
[Result "1/2-1/2"]
[WhiteElo "2272"]
[BlackElo "2339"]
[WhiteFideId "-1"]
[BlackFideId "-1"]
[PlyCount "82"]
[GameId "1166648069722112"]
[EventDate "2005.12.11"]
[EventType "swiss"]
[EventRounds "9"]
[EventCountry "UKR"]
[SourceTitle "EXT 2007"]
[Source "ChessBase"]
[SourceDate "2006.11.23"]
[SourceVersion "1"]
[SourceVersionDate "2006.11.23"]
[SourceQuality "1"]

1. e4 c5 2. Nf3 d6 3. d4 cxd4 4. Nxd4 Nf6 5. Nc3 Nc6 6. Bg5 e6 7. Qd2 a6 8. O-O-O Bd7 9. f4 b5 10. Bxf6 gxf6 11. Nf3 h5 12. Kb1 b4 13. Ne2 Qa5 14. Ned4 Qb6 15. g3 Rc8 16. Qd3 Nxd4 17. Nxd4 Ra8 18. f5 e5 19. Nb3 Bb5 20. Qf3 Ke7 21. Nd2 Bh6 22. Nc4 Bxc4 23. Bxc4 Be3 24. g4 Rac8 25. Qe2 hxg4 26. Bxa6 Rcg8 27. Bc4 Bd4 28. Bb3 Qc6 29. Rhf1 Rh4 30. Rd3 Rgh8 31. Rg3 Rxh2 32. Qxg4 Rh1 33. Rgf3 R1h4 34. Bd5 Qc5 35. Qg7 R4h7 36. Qg4 Rh2 37. Bb3 Qc6 38. Rd3 R2h4 39. Bd5 Qxc2+ 40. Kxc2 Rxg4 41. Rd2 Rg3 1/2-1/2

[Event "UKR-ch U20 qual"]
[Site "Lvov"]
[Date "2005.12.15"]
[Round "5"]
[White "Golubka, Petro"]
[Black "Zherebukh, Yaroslav"]
[Result "1/2-1/2"]
[WhiteElo "2272"]
[BlackElo "2182"]
[WhiteFideId "-1"]
[BlackFideId "-1"]
[PlyCount "109"]
[GameId "1166648069898240"]
[EventDate "2005.12.11"]
[EventType "swiss"]
[EventRounds "9"]
[EventCountry "UKR"]
[SourceTitle "EXT 2007"]
[Source "ChessBase"]
[SourceDate "2006.11.23"]
[SourceVersion "1"]
[SourceVersionDate "2006.11.23"]
[SourceQuality "1"]

1. e4 c5 2. Nf3 Nc6 3. d4 cxd4 4. Nxd4 Nf6 5. Nc3 e5 6. Ndb5 d6 7. Bg5 a6 8. Na3 b5 9. Nd5 Be7 10. Bxf6 Bxf6 11. c3 O-O 12. Nc2 Bg5 13. h4 Bh6 14. g4 Bf4 15. Qf3 Be6 16. Nxf4 Qf6 17. g5 Qxf4 18. Bg2 Rad8 19. Qg3 f6 20. Ne3 b4 21. O-O bxc3 22. bxc3 Ne7 23. Rab1 fxg5 24. hxg5 Ng6 25. Rb6 Qf7 26. Rd1 Nf4 27. Bf1 Bxa2 28. Rxa6 Bb3 29. Rdxd6 Rxd6 30. Rxd6 Qc7 31. Rd2 Qxc3 32. Nc4 Qxg3+ 33. fxg3 Nh5 34. Nxe5 Nxg3 35. Bg2 Re8 36. Nd3 Nxe4 37. Bxe4 Rxe4 38. Nc5 Re3 39. Rd3 Rxd3 40. Nxd3 Kf7 41. Nf4 Ke7 42. Kf2 Kd6 43. g6 h6 44. Nh5 Bc2 45. Nxg7 Bxg6 46. Kg3 Ke5 47. Kh4 Kf6 48. Nh5+ Kf5 49. Ng7+ Kf6 50. Nh5+ Ke5 51. Ng7 Kf4 52. Nh5+ Kf3 53. Ng7 Ke3 54. Nf5+ Bxf5 55. Kh5 1/2-1/2

[Event "UKR-ch U20 qual"]
[Site "Lvov"]
[Date "2005.12.16"]
[Round "6"]
[White "Meleshko, Vladimir"]
[Black "Golubka, Petro"]
[Result "1/2-1/2"]
[WhiteElo "2112"]
[BlackElo "2272"]
[WhiteFideId "-1"]
[BlackFideId "-1"]
[PlyCount "38"]
[GameId "1166648070012928"]
[EventDate "2005.12.11"]
[EventType "swiss"]
[EventRounds "9"]
[EventCountry "UKR"]
[SourceTitle "EXT 2007"]
[Source "ChessBase"]
[SourceDate "2006.11.23"]
[SourceVersion "1"]
[SourceVersionDate "2006.11.23"]
[SourceQuality "1"]

1. e4 c5 2. b4 cxb4 3. a3 d5 4. exd5 Qxd5 5. d4 e5 6. Nf3 Nc6 7. Be2 e4 8. O-O Nf6 9. axb4 Bxb4 10. c4 Qd6 11. c5 Qd8 12. Ne5 Qxd4 13. Nxc6 Qxd1 14. Rxd1 bxc6 15. Be3 Bg4 16. Bxg4 Nxg4 17. Rd4 Nxe3 18. Rxb4 Nd5 19. Rxe4+ Kd7 1/2-1/2

[Event "UKR-ch U20 qual"]
[Site "Lvov"]
[Date "2005.12.17"]
[Round "7"]
[White "Golubka, Petro"]
[Black "Onyshchuk, Volodymyr"]
[Result "1-0"]
[WhiteElo "2272"]
[BlackElo "2349"]
[WhiteFideId "-1"]
[BlackFideId "-1"]
[PlyCount "57"]
[GameId "1166648070078464"]
[EventDate "2005.12.11"]
[EventType "swiss"]
[EventRounds "9"]
[EventCountry "UKR"]
[SourceTitle "EXT 2007"]
[Source "ChessBase"]
[SourceDate "2006.11.23"]
[SourceVersion "1"]
[SourceVersionDate "2006.11.23"]
[SourceQuality "1"]

1. e4 c5 2. Nf3 d6 3. d4 cxd4 4. Nxd4 Nf6 5. Nc3 a6 6. Be2 e5 7. Nb3 Be7 8. Bg5 Nbd7 9. a4 O-O 10. a5 h6 11. Be3 b5 12. axb6 Nxb6 13. O-O Qc7 14. Bxb6 Qxb6 15. Bc4 Bb7 16. Na5 Rac8 17. Qd3 Qd4 18. Bxa6 Qxd3 19. Bxd3 Ba8 20. Nc4 Bc6 21. Rfe1 Rfe8 22. Rad1 g6 23. Bf1 Red8 24. g3 Bf8 25. b3 Bb7 26. Bh3 Rb8 27. Bg2 Ba6 28. Bf1 Bb7 29. Rd3 1-0

[Event "UKR-ch U20 qual"]
[Site "Lvov"]
[Date "2005.12.18"]
[Round "8"]
[White "Vovk, Yuri"]
[Black "Golubka, Petro"]
[Result "1-0"]
[WhiteElo "2435"]
[BlackElo "2272"]
[WhiteFideId "-1"]
[BlackFideId "-1"]
[PlyCount "87"]
[GameId "1166648070234112"]
[EventDate "2005.12.11"]
[EventType "swiss"]
[EventRounds "9"]
[EventCountry "UKR"]
[SourceTitle "EXT 2007"]
[Source "ChessBase"]
[SourceDate "2006.11.23"]
[SourceVersion "1"]
[SourceVersionDate "2006.11.23"]
[SourceQuality "1"]

1. e4 c5 2. Nf3 d6 3. d4 cxd4 4. Nxd4 Nf6 5. Nc3 a6 6. Be3 e6 7. g4 Nc6 8. g5 Nd7 9. Rg1 Qc7 10. Qe2 b5 11. a3 b4 12. axb4 Nxb4 13. f4 e5 14. Nb3 exf4 15. Bxf4 Be7 16. O-O-O O-O 17. Qc4 Qb6 18. Rd4 Rb8 19. g6 Ne5 20. Qxb4 Qxb4 21. Rxb4 Rxb4 22. Nd5 Rb7 23. Na5 Rd7 24. Bh3 Bd8 25. Bxd7 Bxd7 26. gxh7+ Kxh7 27. Nb7 Bc6 28. Nxd6 Ng6 29. Bg3 Ne7 30. c4 f5 31. Be5 Ng6 32. Bxg7 Rg8 33. Bd4 fxe4 34. Nxe4 Bxd5 35. cxd5 Nf4 36. Rxg8 Kxg8 37. Nc3 Ba5 38. Be3 Bc7 39. Kd2 Be5 40. Kc2 Nh3 41. Ne4 Bxh2 42. Nc5 a5 43. Nb7 Kf7 44. Nxa5 1-0

[Event "UKR-ch U20 qual"]
[Site "Lvov"]
[Date "2005.12.19"]
[Round "9"]
[White "Zhornik, Nikolay"]
[Black "Golubka, Petro"]
[Result "1-0"]
[WhiteElo "2251"]
[BlackElo "2272"]
[WhiteFideId "-1"]
[BlackFideId "-1"]
[PlyCount "83"]
[GameId "1166648070332416"]
[EventDate "2005.12.11"]
[EventType "swiss"]
[EventRounds "9"]
[EventCountry "UKR"]
[SourceTitle "EXT 2007"]
[Source "ChessBase"]
[SourceDate "2006.11.23"]
[SourceVersion "1"]
[SourceVersionDate "2006.11.23"]
[SourceQuality "1"]

1. e4 e5 2. Nf3 Nc6 3. Bb5 a6 4. Ba4 Nf6 5. O-O d6 6. Re1 Bd7 7. c3 Be7 8. d4 O-O 9. Nbd2 exd4 10. cxd4 Re8 11. Bc2 Bf8 12. h3 h6 13. a3 Ne7 14. Nf1 d5 15. e5 Ne4 16. N3h2 Ng5 17. Ng3 Ne6 18. Be3 b6 19. f4 c5 20. Nf3 cxd4 21. Nxd4 Rc8 22. Nxe6 Bxe6 23. f5 Bd7 24. e6 fxe6 25. fxe6 Bxe6 26. Qd3 g6 27. Bxh6 Bxh6 28. Rxe6 Qc7 29. Bb3 Bg7 30. Rae1 Kh8 31. Qe3 Bf8 32. Kh1 Red8 33. Qg5 Qc5 34. Qh4+ Kg8 35. Ne4 Qc7 36. Nf6+ Kf7 37. Ne8 Kxe8 38. Qf6 Qc5 39. Rxb6 Qa5 40. Rbe6 Kd7 41. Rxe7+ Bxe7 42. Rxe7# 1-0

[Event "Polanica Zdroj op-A 41st"]
[Site "Polanica Zdroj"]
[Date "2005.08.20"]
[Round "2"]
[White "Golubka, Petro"]
[Black "Jakubiec, Edyta"]
[Result "1-0"]
[WhiteElo "2272"]
[BlackElo "2178"]
[WhiteFideId "-1"]
[BlackFideId "-1"]
[PlyCount "43"]
[GameId "1166647701504000"]
[EventDate "2005.08.19"]
[EventType "swiss"]
[EventRounds "10"]
[EventCountry "POL"]
[SourceTitle "CBM 108 Extra"]
[Source "ChessBase"]
[SourceDate "2005.11.04"]
[SourceVersion "1"]
[SourceVersionDate "2005.11.04"]
[SourceQuality "1"]

1. e4 c5 2. Nf3 d6 3. d4 cxd4 4. Nxd4 Nf6 5. Nc3 a6 6. Be2 e6 7. a4 b6 8. Bf3 Ra7 9. O-O Rd7 10. Re1 Be7 11. Qe2 O-O 12. Be3 Bb7 13. Rad1 Qc7 14. g3 d5 15. exd5 Nxd5 16. Nxd5 Bxd5 17. Bf4 Qb7 18. Bxd5 Rxd5 19. Bxb8 Rxb8 20. Nxe6 Rxd1 21. Rxd1 Bf6 22. Nd8 1-0

[Event "Polanica Zdroj op-A 41st"]
[Site "Polanica Zdroj"]
[Date "2005.08.27"]
[Round "9"]
[White "Golubka, Petro"]
[Black "Szymanski, Andrzej1"]
[Result "1/2-1/2"]
[WhiteElo "2272"]
[BlackElo "2257"]
[WhiteFideId "-1"]
[BlackFideId "-1"]
[PlyCount "61"]
[GameId "1166647702396928"]
[EventDate "2005.08.19"]
[EventType "swiss"]
[EventRounds "10"]
[EventCountry "POL"]
[SourceTitle "CBM 108 Extra"]
[Source "ChessBase"]
[SourceDate "2005.11.04"]
[SourceVersion "1"]
[SourceVersionDate "2005.11.04"]
[SourceQuality "1"]

1. e4 e6 2. d4 d5 3. Nd2 Nf6 4. e5 Nfd7 5. Bd3 c5 6. c3 b6 7. Ne2 Ba6 8. Bxa6 Nxa6 9. Nf3 Nc7 10. O-O a6 11. Bf4 Be7 12. Qd2 b5 13. Bg5 c4 14. Bxe7 Qxe7 15. Ne1 Nb6 16. f4 g6 17. Nf3 Kd7 18. g4 h5 19. h3 hxg4 20. hxg4 Rh7 21. Kg2 Rah8 22. b4 Qf8 23. Ng3 Rh6 24. Rh1 Rxh1 25. Nxh1 Ne8 26. Re1 Qh6 27. Nf2 Qf8 28. Qe3 Ng7 29. Nh3 Na4 30. Qd2 Qe7 31. Nhg1 1/2-1/2

[Event "Rubinstein mem op A"]
[Site "Polanica Zdroj POL"]
[Date "2005.08.21"]
[Round "3"]
[White "Golubka, Petro"]
[Black "Jedynak, Radoslaw"]
[Result "1/2-1/2"]
[WhiteElo "2272"]
[BlackElo "2394"]
[WhiteFideId "-1"]
[BlackFideId "-1"]
[PlyCount "101"]
[GameId "2129405117816530"]
[EventDate "2005.08.19"]
[EventType "swiss"]
[EventRounds "10"]
[EventCountry "POL"]
[SourceTitle "The Week in Chess 566"]
[Source "Mark Crowther"]
[SourceDate "2005.09.12"]
[SourceVersion "1"]
[SourceVersionDate "2005.09.12"]
[SourceQuality "2"]

1. e4 e6 2. d4 d5 3. Nd2 Nf6 4. e5 Nfd7 5. Bd3 c5 6. c3 Nc6 7. Ne2 cxd4 8. cxd4 f6 9. exf6 Nxf6 10. Nf3 Bd6 11. O-O O-O 12. Bf4 Bxf4 13. Nxf4 Ne4 14. Qc1 Ng5 15. Nxg5 Qxg5 16. Ne2 Qf6 17. Qd2 a6 18. Rad1 Bd7 19. Bc2 Ne7 20. Nc3 Be8 21. Rfe1 Bg6 22. Bxg6 Nxg6 23. Qe3 Rfe8 24. g3 Nf8 25. Rc1 Rac8 26. Na4 Rc4 27. Rxc4 dxc4 28. Nb6 Rd8 29. Rd1 Qf5 30. Nxc4 Qd5 31. b3 Ng6 32. Re1 Nf8 33. Rd1 Ng6 34. Qe2 b5 35. Ne3 Qe4 36. Qg4 Qxg4 37. Nxg4 Ne7 38. Ne3 Nc6 39. Nc2 Rd5 40. f4 g5 41. Kf2 gxf4 42. gxf4 Kf7 43. Kf3 Rh5 44. Kg3 Rd5 45. Rd2 a5 46. Kf3 a4 47. b4 Rh5 48. Kg4 Rh6 49. d5 exd5 50. Rxd5 Rxh2 51. Rc5 1/2-1/2